[Event "Internet Section 09A g/8'+2\""]
[Site "Dos Hermanas"]
[Date "2004.03.09"]
[Round "2"]
[White "Jerez Perez, Alfonso"]
[Black "Pereira Figueroa, Manuel"]
[Result "1-0"]
[WhiteElo "2420"]
[BlackElo "2094"]
[PlyCount "43"]
[EventDate "2004.03.09"]
[EventType "swiss (blitz)"]
[EventRounds "9"]
[EventCountry "ESP"]
[SourceTitle "CBM 099 Extra"]
[Source "ChessBase"]
[SourceDate "2004.05.04"]
[SourceVersion "1"]
[SourceVersionDate "2004.05.04"]
[SourceQuality "1"]

1. e4 c5 2. Nf3 d6 3. d4 cxd4 4. Nxd4 Nf6 5. Nc3 a6 6. Bg5 e6 7. f4 Nc6 8. Nf3 h6 9. Bh4 Be7 10. Bd3 Qc7 11. Qe2 0-0 12. 0-0-0 b5 13. e5 dxe5 14. fxe5 Ng4 15. Qe4 f5 16. exf6 Nxf6 17. Bxf6 Rxf6 18. Qh7+ Kf7 19. Rhf1 Nb4 20. Bg6+ Rxg6 21. Ne5+ Ke8 22. Qxg6# 1-0

[Event "Internet Section 08A g/8'+2\""]
[Site "Dos Hermanas"]
[Date "2004.03.08"]
[Round "3"]
[White "Pereira Figueroa, Manuel"]
[Black "Rodriguez, Emilio"]
[Result "1-0"]
[WhiteElo "2094"]
[BlackElo "2249"]
[PlyCount "87"]
[EventDate "2004.03.08"]
[EventType "swiss (blitz)"]
[EventRounds "9"]
[EventCountry "ESP"]
[SourceTitle "CBM 099 Extra"]
[Source "ChessBase"]
[SourceDate "2004.05.04"]
[SourceVersion "1"]
[SourceVersionDate "2004.05.04"]
[SourceQuality "1"]

1. d4 c5 2. d5 a6 3. c4 d6 4. Nc3 e6 5. e4 exd5 6. cxd5 b5 7. Nf3 g6 8. h3 Bg7 9. Bd3 Nf6 10. 0-0 0-0 11. a4 b4 12. Ne2 Re8 13. Ng3 Qc7 14. Qc2 a5 15. Bg5 h6 16. Bf4 g5 17. Be3 Ba6 18. Rac1 Bxd3 19. Qxd3 Nbd7 20. Nd2 Ne5 21. Qc2 Qd7 22. Nf5 Bf8 23. f4 gxf4 24. Bxf4 Ng6 25. Nxh6+ Kh7 26. Nf5 Kg8 27. Qd3 Nxe4 28. Nxe4 Qxf5 29. Rce1 Nxf4 30. Qg3+ Qg6 31. Qxf4 Bg7 32. Nxd6 Rxe1 33. Rxe1 Bxb2 34. Nf5 Bf6 35. d6 Qg5 36. Qe4 Rd8 37. Re3 Kh8 38. Rg3 Qc1+ 39. Kh2 Bg5 40. Qe5+ f6 41. Qe7 Rg8 42. Qf7 Qd1 43. d7 Bf4 44. Qxg8# 1-0

[Event "Internet Section 08A g/8'+2\""]
[Site "Dos Hermanas"]
[Date "2004.03.08"]
[Round "4"]
[White "Van den Heever, Donovan"]
[Black "Pereira Figueroa, Manuel"]
[Result "1-0"]
[WhiteElo "2035"]
[BlackElo "2094"]
[PlyCount "91"]
[EventDate "2004.03.08"]
[EventType "swiss (blitz)"]
[EventRounds "9"]
[EventCountry "ESP"]
[SourceTitle "CBM 099 Extra"]
[Source "ChessBase"]
[SourceDate "2004.05.04"]
[SourceVersion "1"]
[SourceVersionDate "2004.05.04"]
[SourceQuality "1"]

1. e4 c5 2. Nf3 d6 3. d4 cxd4 4. Nxd4 Nf6 5. Nc3 a6 6. Be3 e5 7. Nb3 Be6 8. f3 Nbd7 9. Qd2 b5 10. 0-0-0 Nb6 11. Qf2 Nc4 12. Bxc4 bxc4 13. Nc5 Qc7 14. N5a4 Rb8 15. g4 Qc6 16. Rhg1 Nd7 17. b3 cxb3 18. axb3 Rb4 19. Rd3 Be7 20. h4 0-0 21. h5 Rc8 22. Kd2 Bxb3 23. cxb3 Rxb3 24. Rc1 Ra3 25. Kd1 Qc4 26. Qc2 Nc5 27. Bxc5 dxc5 28. Nb6 Qxd3+ 29. Qxd3 Rd8 30. Nbd5 Bg5 31. Rb1 h6 32. Qc4 Ra5 33. Kc2 Kh7 34. Rb7 Rf8 35. Rb6 Ra1 36. Nb1 a5 37. Kb2 Rxb1+ 38. Kxb1 Bd2 39. Qxc5 Rg8 40. Rb7 Bb4 41. Nxb4 axb4 42. Rxf7 b3 43. Qxe5 Kh8 44. g5 Kh7 45. g6+ Kh8 46. Qe7 1-0

[Event "Coria del Rio op 10th"]
[Site "Coria del Rio"]
[Date "2004.02.15"]
[Round "5"]
[White "Ivanov, Jordan"]
[Black "Pereira Figueroa, Manuel"]
[Result "1-0"]
[WhiteElo "2406"]
[BlackElo "2094"]
[PlyCount "69"]
[EventDate "2004.02.11"]
[EventType "swiss"]
[EventRounds "9"]
[EventCountry "ESP"]
[SourceTitle "CBM 098 Extra"]
[Source "ChessBase"]
[SourceDate "2004.03.10"]
[SourceVersion "2"]
[SourceVersionDate "2004.03.10"]
[SourceQuality "1"]

1. d4 Nf6 2. c4 g6 3. Nc3 Bg7 4. e4 d6 5. h3 0-0 6. Nf3 e5 7. d5 Na6 8. Bg5 h6 9. Be3 Nc5 10. Nd2 a5 11. Be2 Ne8 12. h4 f5 13. h5 g5 14. exf5 Bxf5 15. Bxc5 dxc5 16. Nde4 b6 17. Bd3 Nd6 18. Qe2 Qd7 19. 0-0-0 Bh7 20. Nxd6 Bxd3 21. Rxd3 cxd6 22. Ne4 Rf4 23. g3 Rff8 24. Rf3 Rxf3 25. Qxf3 Rf8 26. Qe2 Rb8 27. Rd1 Qe7 28. Qg4 Rd8 29. Rd3 Kh8 30. Rb3 Rb8 31. Qe6 Bf8 32. Nf6 Qg7 33. Rf3 Rb7 34. Ne4 Qe7 35. Qc8 1-0